Ekonomika pestovania cukrovej repy

Uložené v:
Podrobná bibliografia
Hlavný autor: Jurášek, Prokop
Médium: Kniha
Jazyk:Slovak
Vydavateľské údaje: Bratislava Slovenské vydavateľstvo pôdohospodárskej literatúry 1963
Edícia:Poľnohospodárska ekonomika
Tagy: Pridať tag
Žiadne tagy, Buďte prvý, kto otaguje tento záznam!

MARC

LEADER 00000nam a2200000 4500
001 c131815
005 20230116103230.0
041 0 |a slo 
044 |a SK 
245 1 0 |a Ekonomika pestovania cukrovej repy  |c Prokop Jurášek 
264 1 |a Bratislava  |b Slovenské vydavateľstvo pôdohospodárskej literatúry  |c 1963 
300 |a 236 s. 
490 1 |a Poľnohospodárska ekonomika 
830 0 |a Poľnohospodárska ekonomika 
100 1 |a Jurášek, Prokop